| 000 | 00427pam a2200145 a 4500 | ||
|---|---|---|---|
| 020 | _a0893972606 : | ||
| 040 | _cDLC | ||
| 082 | 0 | 0 | _a658 NIC 1987 A051 Or. |
| 245 | 0 | 0 |
_aManagement information systems : _bthe technology challenge / |
| 260 |
_aLondon : _bCroom Helm ; _aNew York : _bNichols, _cc1987. |
||
| 300 |
_a323 p. : _bill. ; _c23 cm. |
||
| 650 | 0 | _aManagement information systems. | |
| 700 | 1 | _aPiercy, Nigel. | |
| 942 | _cEK | ||
| 999 |
_c14798 _d14798 |
||